| 000 | 00366nam a2200109Ia 4500 | ||
|---|---|---|---|
| 008 | 200302s9999 xx 000 0 und d | ||
| 100 | _aChristopher Alexander | ||
| 245 | _aThe Nature of order an essay on the art of building and the nature of the univese the Phnomenon of Life Vol 1 | ||
| 260 | _bThe center for environmental structure | ||
| 260 | _c2002 | ||
| 300 | _a476 | ||
| 999 |
_c6814 _d6814 |
||